| 000 | 00560cam a2200217 4500 | ||
|---|---|---|---|
| 001 | B3421 | ||
| 008 | 090401t1991 xxu||||| |||| 00| 0 eng d | ||
| 035 | _a(Sirsi) u55956 | ||
| 041 | _aeng | ||
| 050 | _a693.5 | ||
| 100 | _aCollins, R. J. | ||
| 245 | _aMagnesian limestone aggregate in concrete | ||
| 260 |
_aGarston,Watford _bBuilding Research Establishment _c1991 |
||
| 300 | _a(4)p. : ill.,map ; 30cm. | ||
| 350 | _a0 | ||
| 490 |
_aBRE Information Paper _v2/91 |
||
| 650 | _aAGGREGATES | ||
| 650 | _aLIMESTONE | ||
| 942 | _n0 | ||
| 948 | _c04/03/1997 | ||
| 999 |
_c93693 _d93693 |
||